Computer-Based Analysis of the Stochastic Stability of Mechanical Structures Driven by White and Colored Noise

This book provides a concise introduction to the behavior of mechanical structures and testing their stochastic stability under the influence of noise. It explains the physical effects of noise and in particular the concept of Gaussian white noise. In closing, the book explains how to model the effe...

Full description

Bibliographic Details
Main Authors: Azizi, Aydin (Author, http://id.loc.gov/vocabulary/relators/aut), Ghafoorpoor Yazdi, Poorya (http://id.loc.gov/vocabulary/relators/aut)
Corporate Author: SpringerLink (Online service)
Format: Electronic eBook
Language:English
Published: Singapore : Springer Singapore : Imprint: Springer, 2019.
Edition:1st ed. 2019.
Series:SpringerBriefs in Applied Sciences and Technology,
Subjects:
Online Access:Full Text via HEAL-Link
LEADER 02625nam a2200517 4500
001 978-981-13-6218-7
003 DE-He213
005 20191027062115.0
007 cr nn 008mamaa
008 190214s2019 si | s |||| 0|eng d
020 |a 9789811362187  |9 978-981-13-6218-7 
024 7 |a 10.1007/978-981-13-6218-7  |2 doi 
040 |d GrThAP 
050 4 |a TA355 
050 4 |a TA352-356 
072 7 |a TGMD4  |2 bicssc 
072 7 |a TEC009070  |2 bisacsh 
072 7 |a TGMD  |2 thema 
082 0 4 |a 620  |2 23 
100 1 |a Azizi, Aydin.  |e author.  |4 aut  |4 http://id.loc.gov/vocabulary/relators/aut 
245 1 0 |a Computer-Based Analysis of the Stochastic Stability of Mechanical Structures Driven by White and Colored Noise  |h [electronic resource] /  |c by Aydin Azizi, Poorya Ghafoorpoor Yazdi. 
250 |a 1st ed. 2019. 
264 1 |a Singapore :  |b Springer Singapore :  |b Imprint: Springer,  |c 2019. 
300 |a XV, 93 p. 34 illus., 19 illus. in color.  |b online resource. 
336 |a text  |b txt  |2 rdacontent 
337 |a computer  |b c  |2 rdamedia 
338 |a online resource  |b cr  |2 rdacarrier 
347 |a text file  |b PDF  |2 rda 
490 1 |a SpringerBriefs in Applied Sciences and Technology,  |x 2191-530X 
505 0 |a What is Noise?- What is White Noise?- Mechanical structures -- Stochastical Systems -- Overall Methodology Description. 
520 |a This book provides a concise introduction to the behavior of mechanical structures and testing their stochastic stability under the influence of noise. It explains the physical effects of noise and in particular the concept of Gaussian white noise. In closing, the book explains how to model the effects of noise on mechanical structures, and how to nullify / compensate for it by designing effective controllers. 
650 0 |a Vibration. 
650 0 |a Dynamical systems. 
650 0 |a Dynamics. 
650 0 |a Statistical physics. 
650 1 4 |a Vibration, Dynamical Systems, Control.  |0 http://scigraph.springernature.com/things/product-market-codes/T15036 
650 2 4 |a Statistical Physics and Dynamical Systems.  |0 http://scigraph.springernature.com/things/product-market-codes/P19090 
700 1 |a Ghafoorpoor Yazdi, Poorya.  |e author.  |4 aut  |4 http://id.loc.gov/vocabulary/relators/aut 
710 2 |a SpringerLink (Online service) 
773 0 |t Springer eBooks 
776 0 8 |i Printed edition:  |z 9789811362170 
776 0 8 |i Printed edition:  |z 9789811362194 
830 0 |a SpringerBriefs in Applied Sciences and Technology,  |x 2191-530X 
856 4 0 |u https://doi.org/10.1007/978-981-13-6218-7  |z Full Text via HEAL-Link 
912 |a ZDB-2-ENG 
950 |a Engineering (Springer-11647)